LEADER 01551nam a2200301 a 4500 001 000000115057 003 CaOOAMICUS 005 20110608151236.0 008 090327s2008 it 000 0 ita r 020 $z978-88-8272-414-6* 040 $aGP2$bita$dPUL$dLDB 245 00$aEpifania della persona :$bazione e cultura nel pensiero di Karol Woityla e di Hannah Arendt /$cStanislaw Grygiel e Stephan Kampowski (edd.) 260 $aSiena :$bCantagalli,$c2008. 300 $a156 p.$c23 cm 490 1 $aSentieri della verità ;$v04 500 $aIn calce al front.: "Cattedra Karol Wojtyla. Pontificio Istituto Giovanni Paolo II per studi su matrimonio e famiglia". 504 $aContiene riferimenti bibliografici. 600 04$aIohannes Paulus PP.$bII,$cs.,$d1920-2005$xFilosofia.$0(OLS)http://pul/subject/22231 600 14$aArendt, Hannah,$d1906-1975.$0(OLS)http://pul/subject/22684 700 1 $aGrygiel, Stanis?aw,$d1934-$0(OLS)http://pul/name/36232 700 1 $aKampowski, Stephan Martin.$0(OLS)http://pul/name/57074 830 0$aSentieri della verità ;$v04.$0(OLS)http://pul/title/142975 850 $aPUL 852 $aPUL$W1$xSL Religione 3$y85$m241 GRYST 1$j131758$qDDC 21$B130739$CPULBib$Z2$F130739 $H108962 $82 941 1 $a9 996 $6020$z978-88-8272-414-6*$9(OLS)http://pul/number/140092 996 $6245$aEpifania della persona :$bazione e cultura nel pensiero di Karol Woityla e di Hannah Arendt$9(OLS)http://pul/title/144588 996 $6260$aSiena :$bCantagalli$9(OLS)http://pul/publisher/48759 LEADER 01783nam a2200385 a 4500 001 000000122703 003 CaOOAMICUS 005 20100824092823.0 008 100824t2010 it aboe u000 u ita r 040 $aPUL$bita$dReb 041 1 $aita$heng 082 04$a930 100 1 $aSekunda, Nicholas.$0(OLS)http://pul/name/75863 240 10$aRepublican Roman army$lItaliano.$0(OLS)http://pul/title/154661 245 12$aL'esercito della Repubblica /$cNicholas Sekunda e Terence Wise ; illustrazioni di Peter Dennis, Adam Hook, Richard Hook e Angus McBride. 260 $aMilano :$bRBA Italia,$c©2010. 300 $a72 p. :$bill., c. geogr., foto ;$c25 cm. 490 1 $aRoma$aLa Repubblica II 490 1 $aRoma e Grecia$aLe battaglie, gli eserciti, i grandi condottieri 500 $aPubblicazione periodica settimanale. 504 $aInclude bibliografia ed indice. 651 4$aRoma$xStoria.$0(OLS)http://pul/subject/1478 700 1 $aWise, Terence.$0(OLS)http://pul/name/77083 700 1 $aDennis, Peter.$0(OLS)http://pul/name/70959 700 1 $aHook, Richard.$0(OLS)http://pul/name/75865 700 1 $aMcBride, Angus.$0(OLS)http://pul/name/75866 700 1 $aHook, Adam.$0(OLS)http://pul/name/72088 830 0$aRoma$pLa Repubblica II.$0(OLS)http://pul/title/154662 830 0$aRoma e Grecia$pLe battaglie, gli eserciti, i grandi condottieri.$0(OLS)http://pul/title/150360 850 $aPUL 852 $aPUL$W1$xDP2 Filosofia 3$y112$m930 COLL 2.24$j140934$qDDC 21$B140014$CPULBib$Z2$F140014 $H114735 $82 941 1 $a9 996 $6082$a930$9(OLS)http://pul/classification/398 996 $6245$aL'esercito della Repubblica$9(OLS)http://pul/title/154660 996 $6260$aMilano :$bRBA Italia$9(OLS)http://pul/publisher/80118